Ekonómia ako prírodná veda

Ekonomické vedy sa nachádzajú vo fáze hľadania nového štýlu myslenia, ktorý by primeranejšie zodpovedal realitám súčasného sveta. Jednou z ciest k živému a účinnému ekonomickému poznaniu je orientácia na prírodné vedy.

Gespeichert in:
Bibliographische Detailangaben
1. Verfasser: Zapletal, Jaroslav
Format: Buchkapitel
Sprache:Slowakisch
Schlagworte:
Tags: Tag hinzufügen
Keine Tags, Fügen Sie das erste Tag hinzu!

MARC

LEADER 00000naa a2200000 4500
001 r026683
005 20230606081602.3
041 0 |a slo 
044 |a SK 
245 1 0 |a Ekonómia ako prírodná veda  |c Jaroslav Zapletal 
520 |a Ekonomické vedy sa nachádzajú vo fáze hľadania nového štýlu myslenia, ktorý by primeranejšie zodpovedal realitám súčasného sveta. Jednou z ciest k živému a účinnému ekonomickému poznaniu je orientácia na prírodné vedy. 
610 2 0 |a ekonómia 
610 2 0 |a vedy prírodné 
610 2 0 |a javy ekonomické 
610 2 0 |a príroda 
100 1 |a Zapletal, Jaroslav